000 00591nam a2200133Ia 4500
008 171212s9999 xx 000 0 und d
020 _a9781925022780
245 _ceditor Noah Riseman,
_aIn Defence of Country
_bLife Stories of Aboriginal and Torres Strait Islander Servicemen and Women
260 _bANU E Press
_c2016
440 _aAboriginal History Monographs
650 _aAboriginal Australians -- Wars -- Veterans; Aboriginal Australian soldiers -- Biography; Australia -- Armed Forces -- Aboriginal Australians
650 _aHistory
856 _uhttp://jstor.org/stable/j.ctt1bgzbmj
999 _c351148
_d351148